LEADER 01962nam 2200409 n 450 001 996389995903316 005 20200824121616.0 035 $a(CKB)4940000000101220 035 $a(EEBO)2240882545 035 $a(UnM)99837374e 035 $a(UnM)99837374 035 $a(EXLCZ)994940000000101220 100 $a19901003d1582 uy | 101 0 $aeng 135 $aurbn||||a|bb| 200 14$aThe sixt lampe of virginitie$b[electronic resource] $econteining a mirrour for maidens and matrons: or, the seuerall duties and office of all sorts of women in their vocation out of Gods word, with their due praise and dispraise by the same: togither with the names, liues, and stories of all women mentioned in holie Scriptures, either good or bad ... Newlie collected and compiled to the glorie of God, by T.B. Gentleman 210 $a[Imprinted at London $cAt the three Cranes in the Vintree, by Thomas Dawson [and Henry Denham], for the assignes of William Seres]$d1582 215 $a[2], 138, 131-331, [3] p 300 $aT.B. = Thomas Bentley. 300 $aPublication place and Thomas Dawson's name from colophon. 300 $a"Denham pr[inted]. quires A-B; Dawson the rest"--STC. 300 $a"The seuenth lampe of virginitie" has separate dated title page; pagination and register are continuous. 300 $aThe last leaf is blank. 300 $aIssued as parts 6 and 7 of "The monument of matrones", the first five parts of which Bentley had edited. 300 $aReproduction of the original in the Henry E. Huntington Library and Art Gallery. 330 $aeebo-0113 606 $aWomen in the Bible$vEarly works to 1800 615 0$aWomen in the Bible 700 $aBentley$b Thomas$cstudent of Gray's Inn.$01012151 801 0$bCu-RivES 801 1$bCu-RivES 801 2$bCStRLIN 801 2$bWaOLN 906 $aBOOK 912 $a996389995903316 996 $aThe sixt lampe of virginitie$92383255 997 $aUNISA LEADER 01790nam 2200421Ia 450 001 996387198603316 005 20200818221159.0 035 $a(CKB)4940000000085265 035 $a(EEBO)2240921437 035 $a(OCoLC)ocm33150697e 035 $a(OCoLC)33150697 035 $a(EXLCZ)994940000000085265 100 $a19950918d1604 uy | 101 0 $aeng 135 $aurbn||||a|bb| 200 10$aBy the King$b[electronic resource] $ehauing after some time spent in setling the politique affaires of this realme, of late bestowed no small labour in composing certaine differences wee found among our cleargie about rites and ceremonies heretofore established in this Church of England .. 210 $aImprinted at London $cBy Robert Barker, Printer to the Kings most excellent Maiestie$dAnno Dom. 1603 [i.e. 1604] 215 $a2 leaves 300 $aOther title information from first 4 lines of text. 300 $aContains historiated initial. 300 $aRequiring departure of all jesuits and seminary priests by 19 March. 300 $a"Giuen at our Pallace of Westminster the xxij day of February, in the first yeere of our Reigne of England, France and Ireland, and of Scotland the seuen and thirtieth." 300 $aImprint from colophon. 300 $aReproduction of original in: Society of Antiquaries. 330 $aeebo-0147 606 $aChurch and state$zEngland 606 $aAnti-Catholicism$zEngland 607 $aGreat Britain$xHistory$yJames I, 1603-1625 615 0$aChurch and state 615 0$aAnti-Catholicism 701 $aJames$cKing of England,$f1566-1625.$01001019 801 0$bEBK 801 1$bEBK 801 2$bWaOLN 906 $aBOOK 912 $a996387198603316 996 $aBy the King$92299281 997 $aUNISA LEADER 04419nam 2200721 450 001 9910779357903321 005 20230207231716.0 010 $a1-283-71677-1 010 $a0-7748-1885-9 024 7 $a10.59962/9780774818858 035 $a(CKB)2550000000110838 035 $a(SSID)ssj0000687350 035 $a(PQKBManifestationID)11405518 035 $a(PQKBTitleCode)TC0000687350 035 $a(PQKBWorkID)10756657 035 $a(PQKB)10587200 035 $a(CEL)443975 035 $a(OCoLC)761390689 035 $a(CaBNVSL)slc00229619 035 $a(Au-PeEL)EBL3412897 035 $a(CaPaEBR)ebr10831341 035 $a(CaONFJC)MIL402927 035 $a(OCoLC)923450020 035 $a(MiAaPQ)EBC3412897 035 $a(DE-B1597)661854 035 $a(DE-B1597)9780774818858 035 $a(EXLCZ)992550000000110838 100 $a20110104h20102010 uy| e 101 0 $aeng 135 $aurcn||||||a|| 181 $ctxt 182 $cc 183 $acr 200 00$aBetween consenting peoples $epolitical community and the meaning of consent /$fedited by Jeremy Webber and Colin M. Macleod 210 1$aVancouver :$cUBC Press,$d[2010] 210 4$dİ2010 215 $a1 electronic text (viii, 269 p.) $cdigital file 300 $a"The chapters in this volume are drawn from papers presented at the very first Demcon workshop, "Concent as the foundation for political community," held at the University of Victoria in October 2004. 311 $a0-7748-1884-0 311 $a0-7748-1883-2 320 $aIncludes bibliographical references and index. 327 $tThe meanings of consent /$rJeremy Webber --$tThe challenges of consent in indigenous contexts.$tLiving together : Gitksan legal reasoning as a foundation for consent /$rVal Napoleon ; "Thou wilt not die of hunger- for I bring thee merchandise : consent, intersocietal normativity, and the exchange of food at York Factory, 1682-1763/77 /$rJanna Promislow --$tThe complexity of the object of consent :$tsome Australian stories /$rTim Rowse --$tReconceiving consent in political and legal philosophy.$tIndigenous peoples and political legitimacy /$rMargaret Moore --$tConsent, legitimacy, and the foundation of political and legal authority /$rDavid Dyzenhaus --$tConsent or contestation? /$rDuncan Ivison --$tBeyond consent and disagreement :$twhy law's authority is not just about will /$rAndre?e Boisselle --$gConcluding reflections.$tConsent, hegemony, and dissent in treaty negotiations /$rJames Tully. 330 $aConsent has long been used to establish the legitimacy of society. But when one asks ? who consented? how? to what type of community? ? consent becomes very elusive, more myth than reality. This is particularly true when focusing on the relationship between indigenous and nonindigenous peoples. In Between Consenting Peoples, leading scholars in legal and political theory look at the various meanings that have been attached to consent as the foundation for political community and law, especially in indigenous contexts. From historical examples to political and legal theory, the authors examine the language of consent and how consent has ordered indigenous societies and shaped their relationships with governments. They also explore the kind of consent ? the kind of attachment ? that might ground political community and establish a fair relationship between indigenous and nonindigenous peoples. In doing so, they draw perspectives from indigenous relations into the heart of political theory. 606 $aConsent (Law)$vCongresses 606 $aConsensus (Social sciences)$vCongresses 606 $aLegitimacy of governments$vCongresses 606 $aIndigenous peoples$xLegal status, laws, etc$vCongresses 606 $aIndians of North America$zCanada$xGovernment relations$vCongresses 615 0$aConsent (Law) 615 0$aConsensus (Social sciences) 615 0$aLegitimacy of governments 615 0$aIndigenous peoples$xLegal status, laws, etc. 615 0$aIndians of North America$xGovernment relations 676 $a320.01/1 701 $aWebber$b Jeremy H. A.$f1958-$0882046 701 $aMacleod$b Colin M$g(Colin Murray),$f1962-$01564611 801 0$bMiAaPQ 801 1$bMiAaPQ 801 2$bMiAaPQ 906 $aBOOK 912 $a9910779357903321 996 $aBetween consenting peoples$93833799 997 $aUNINA